[Event "Benidorm op U2000 09th"]
[Site "Benidorm"]
[Date "2010.12.03"]
[Round "1"]
[White "Soler Giner, Salvador"]
[Black "Gastesi Urroz, Mikel"]
[Result "1-0"]
[WhiteElo "1968"]
[BlackElo "1752"]
[PlyCount "43"]
[EventDate "2010.12.03"]
[EventType "swiss"]
[EventRounds "10"]
[EventCountry "ESP"]
[SourceTitle "CBM 139 Extra"]
[Source "ChessBase"]
[SourceDate "2011.01.05"]
[SourceVersion "1"]
[SourceVersionDate "2011.01.05"]
[SourceQuality "1"]

1. e4 e6 2. d4 d5 3. Nc3 Bb4 4. e5 c5 5. a3 Bxc3+ 6. bxc3 c4 7. Nf3 Nc6 8. Be2 Nge7 9. 0-0 h6 10. g3 0-0 11. Ne1 f5 12. exf6 Rxf6 13. f4 Nf5 14. Bf3 Bd7 15. Ng2 b5 16. Qe1 Qb6 17. Kh1 a5 18. g4 Nd6 19. g5 hxg5 20. fxg5 Rff8 21. Qh4 Qd8 22. Qh5 1-0